Library Catalog

Guerrillas of Tsavo : (Record no. 492521)

MARC details
000 -LEADER
fixed length control field 01214nam a22002537a 4500
003 - CONTROL NUMBER IDENTIFIER
control field OSt
005 - DATE AND TIME OF LATEST TRANSACTION
control field 20260506163604.0
008 - FIXED-LENGTH DATA ELEMENTS--GENERAL INFORMATION
fixed length control field 260506b |||||||| |||| 00| 0 eng d
020 ## - INTERNATIONAL STANDARD BOOK NUMBER
International Standard Book Number 9789966757135
040 ## - CATALOGING SOURCE
Original cataloging agency Kenya National Library Service
082 ## - DEWEY DECIMAL CLASSIFICATION NUMBER
Classification number 940.416 WIL
100 ## - MAIN ENTRY--PERSONAL NAME
Personal name Willson James G.
Relator term author
245 ## - TITLE STATEMENT
Title Guerrillas of Tsavo :
Remainder of title Diary of forgotten campaign British East Africa 1914-1916 /
Statement of responsibility, etc. James G. Willison
300 ## - PHYSICAL DESCRIPTION
Extent 356 pages :
Other physical details illustration, portraits, maps ;
Dimensions 30 cm
504 ## - BIBLIOGRAPHY, ETC. NOTE
Bibliography, etc. note Bibliographical references and index
520 ## - SUMMARY, ETC.
Summary, etc. Guerrillas of Tsavo portrays the actions of the German Schutztruppe, a force of just 15000 African and European troops under the remarkable leadership of colonel Paul von Lettow-Vorbeck ,who against all odds ,engaged a far superior empire and allied collective army of 300,000 troops from 21 different countries.
650 ## - SUBJECT ADDED ENTRY--TOPICAL TERM
Topical term or geographic name entry element World war, 1914-1918-campaign
Form subdivision East Africa
650 ## - SUBJECT ADDED ENTRY--TOPICAL TERM
Topical term or geographic name entry element Guerrillas warfare
Form subdivision History
Chronological subdivision 20th century
650 ## - SUBJECT ADDED ENTRY--TOPICAL TERM
Topical term or geographic name entry element Tsavo West national park (kenya)
Form subdivision History
650 ## - SUBJECT ADDED ENTRY--TOPICAL TERM
Topical term or geographic name entry element British, East Africa
Form subdivision HIistory
Chronological subdivision 1895-1920
942 ## - ADDED ENTRY ELEMENTS (KOHA)
Source of classification or shelving scheme Dewey Decimal Classification
Koha item type Books
Suppress in OPAC No
Holdings
Withdrawn status Source of classification or shelving scheme Damaged status Not for loan Home library Current library Date acquired Source of acquisition Cost, normal purchase price Total checkouts Full call number Barcode Date last seen Price effective from Koha item type
  Dewey Decimal Classification     Nakuru Library Acquisition, Cataloguing, Classification and Distribution Development 05/06/2026 Donation 3500.00   940.416 WIL B237581 05/06/2026 05/06/2026 Books

© 2025, Kenya National Library Service | Designed & Maintained by Uvumbuzi Center